Biggest cities by population starting with G - Statistics

General Stats
  • This quiz has been taken 45 times
  • The average score is 5 of 11
Answer Stats
Population Country Answer % Correct
1,495,200 Mexico Guadalajara
90%
11,071,400 China Guangzhou
90%
2,443,200 Egypt Giza
79%
1,952,000 Ecuador Guayaquil
69%
1,066,000 Turkey Gaziantep
44%
1,171,200 Brazil Goiania
31%
1,384,500 Pakistan Gujranwala
23%
1,416,900 South Korea Gwangju
23%
1,171,600 China Guiyang
13%
1,169,600 Brazil Guarulhos
8%
1,324,600 India Gorakhpur
0%
No matching quizzes found
Score Distribution
Percent of People with Each Score
Percentile by Number Answered
Your Score History
You have not taken this quiz